[Event "P-4877"]
[Site "IECC email"]
[Date "2014.01.13"]
[Round "?"]
[White "Dranse, Phil"]
[Black "Harris, Tom"]
[Result "1-0"]
[WhiteElo "1158"]
[BlackElo "1127"]
[PlyCount "125"]
[EventDate "2014.??.??"]
[EventType "tourn (corr)"]
[SourceTitle "Corr 2020"]
[Source "ChessBase"]
[SourceDate "2019.09.30"]
[SourceVersion "1"]
[SourceVersionDate "2019.09.30"]
[SourceQuality "1"]
[WhiteTeam "Ireland"]
[BlackTeam "United States"]
[WhiteTeamCountry "IRL"]
[BlackTeamCountry "USA"]

1. c4 Nf6 2. d4 e6 3. Nf3 Nc6 4. a3 d5 5. Nc3 Bd6 6. Bg5 0-0 7. cxd5 exd5 8. Nxd5 Bxh2 9. Nxf6+ gxf6 10. Bh6 Bd6 11. Bxf8 Qxf8 12. e3 Bg4 13. Bd3 h6 14. Qa4 Bd7 15. Nh4 Ne5 16. Qb3 Nxd3+ 17. Qxd3 Qc8 18. e4 Bg4 19. Nf5 Bxf5 20. exf5 Qe8+ 21. Qe2 Kh7 22. g3 Qa4 23. Kf1 Qxd4 24. Rd1 Qa4 25. Rh4 Qe8 26. Qf3 b5 27. Re1 Qf8 28. Kg2 Rd8 29. Reh1 Qg7 30. Rg4 Qf8 31. Qe3 Bc5 32. Qc3 Be7 33. Qc1 Bd6 34. Rgh4 Qg7 35. Qxh6+ Qxh6 36. Rxh6+ Kg7 37. Rh7+ Kf8 38. Rh8+ Ke7 39. Rxd8 Kxd8 40. f4 a5 41. Kf3 b4 42. a4 Ke7 43. Rc1 Kd7 44. Rh1 c6 45. Ke4 Be7 46. Rh7 Ke8 47. Kd4 Bd6 48. Rh8+ Kd7 49. Ra8 Bc7 50. Kc5 Bd6+ 51. Kb6 Bc7+ 52. Kb7 c5 53. Rc8 Bd6 54. b3 Be7 55. Rc6 Ke8 56. Kb6 Kd7 57. Rc7+ Kd6 58. Rxe7 Kxe7 59. Kxc5 Kd8 60. Kb5 Kd7 61. Kxa5 Kc6 62. Kxb4 Kd5 63. a5 1-0